000 00754nam a22002531c 4500
001 9780857459749-nbs
008 141020s2013 gw |||| 000u eng d
020 _a9780857459749
_9978-0-85745-974-9
041 _aeng
245 0 0 _aBecoming East German :
_bsocialist structures and sensibilities after Hitler
264 _aNew York [u.a.] :
_bBerghahn Books,
_c2013
300 _aX, 303 S.
650 0 _aKollektives Gedächtnis
650 0 _aPolitische Identität
650 0 _aGesundheitspolitik
650 0 _aDisziplinierung
651 0 _aDeutschland <DDR>
700 1 _aFulbrook, Mary
_eHerausgeberIn
700 1 _aPort, Andrew I.
_eHerausgeberIn
942 _cMG
040 _cRU-10907106
003 RU-10907106
999 _c36631
_d36631
490 0 _aSpektrum:
_v6